| 000 | 00637nam a2200205 4500 | ||
|---|---|---|---|
| 001 | 118534 | ||
| 003 | ES-MaACL | ||
| 005 | 20231226204636.0 | ||
| 007 | t| | ||
| 008 | 070214s1924 sp r ||||1| spa d | ||
| 100 | 1 |
_aPérez de Ayala, Ramón, _d1880-1962 _990763 |
|
| 245 | 1 | 3 |
_aEl ombligo del mundo _b: novela / _cRamón Pérez de Ayala. |
| 250 | _a1ª ed. completa. | ||
| 260 |
_aMadrid : _bRenacimiento, _c1924. |
||
| 300 |
_a279 p. ; _c19 cm. |
||
| 490 | 1 | _aObras completas de Ramón Pérez de Ayala | |
| 830 | 0 |
_aObras completas de Ramón Pérez de Ayala _9186424 |
|
| 852 |
_aES-MaACL _jB-4146 |
||
| 999 |
_c118534 _d118534 |
||